[Event "2nd Longtou Cup 2019"]
[Site "Qinhuangdao CHN"]
[Date "2019.04.16"]
[Round "1.2"]
[White "Huang, Renjie"]
[Black "Zvjaginsev, Vadim"]
[Result "0-1"]
[BlackTitle "GM"]
[WhiteElo "2338"]
[BlackElo "2641"]
[WhiteFideId "8610134"]
[BlackFideId "4113403"]
[EventDate "2019.04.16"]

1. e4 c5 2. Nf3 e6 3. g3 Nc6 4. Bg2 Nf6 5. Nc3 d6 6. O-O Qb6 7. Re1 Be7 8. b3
O-O 9. Bb2 Bd7 10. d3 Rad8 11. h3 Be8 12. Qe2 Nd7 13. Rad1 Bf6 14. Na4 Qa5 15.
Bxf6 Nxf6 16. Qd2 Qxd2 17. Rxd2 e5 18. Nc3 Nd4 19. Ne2 Bc6 20. Nfxd4 cxd4 21. c3
dxc3 22. Nxc3 Rfe8 23. d4 Kf8 24. Red1 Rc8 25. dxe5 dxe5 26. Nd5 Nxd5 27. exd5
Bd7 28. Re1 f6 29. Kh2 Rc3 30. d6 b6 31. h4 Rec8 32. f4 exf4 33. gxf4 Rc2 34.
Ree2 Rxd2 35. Rxd2 Rc3 36. Kg1 g6 37. Kf2 a5 38. Bf3 Ke8 39. h5 gxh5 40. Bxh5+
Kd8 41. Bf3 Be6 42. Be2 Rc5 43. Ke3 Kd7 44. Ke4 h6 45. a4 Bf5+ 46. Ke3 Rc3+ 47.
Kd4 Rc2 48. Bb5+ Kxd6 49. Rd1 Bg4 50. Re1 Rc8 51. Bc4 h5 52. Rg1 Rh8 53. f5 Rc8
54. Be6 Rc2 55. Rg3 Re2 56. Kc4 Re4+ 57. Kb5 Rb4+ 58. Ka6 h4 59. Re3 h3 60. Bc8
h2 61. Re6+ Kc7 62. Bb7 Bxf5 63. Rxf6 Bc8 64. Rf7+ Bd7 65. Rh7 Rxb3 66. Rxh2
Bxa4 67. Rh6 Bb5+ 68. Ka7 Bd7 69. Bd5 Rb5 70. Bc4 Rb4 71. Ba6 a4 72. Rh2 a3 73.
Rc2+ Bc6 74. Ra2 Rh4 75. Bc8 Rh8 0-1

[Event "2nd Longtou Cup 2019"]
[Site "Qinhuangdao CHN"]
[Date "2019.04.16"]
[Round "1.4"]
[White "Tuvsanaa, Nyamaa"]
[Black "Lu, Shanglei"]
[Result "1-0"]
[WhiteTitle "FM"]
[BlackTitle "GM"]
[WhiteElo "2212"]
[BlackElo "2625"]
[WhiteFideId "4900413"]
[BlackFideId "8603332"]
[EventDate "2019.04.16"]

1. d4 Nf6 2. Nf3 e6 3. Bg5 c5 4. c3 Nc6 5. e3 cxd4 6. exd4 h6 7. Bh4 g5 8. Bg3
Ne4 9. Nbd2 Nxg3 10. hxg3 Bg7 11. Nc4 O-O 12. Bd3 f5 13. Qe2 d6 14. g4 b5 15.
Ne3 b4 16. Kf1 bxc3 17. bxc3 f4 18. Nc4 d5 19. Nce5 Qc7 20. Ng6 Rf6 21. Rc1 Rb8
22. Kg1 Nb4 23. Bb1 Ba6 24. Qd2 Nc6 25. Qc2 Rf7 26. Rh5 Qd6 27. Kh2 Rfb7 28.
Nge5 Bxe5 29. Qg6+ Bg7 30. Nxg5 Nd8 31. Rxh6 Kf8 32. Nh7+ Ke7 33. Qxg7+ Nf7 34.
Ng5 1-0

[Event "2nd Longtou Cup 2019"]
[Site "Qinhuangdao CHN"]
[Date "2019.04.16"]
[Round "1.5"]
[White "Oparin, Grigoriy"]
[Black "Gu, Tianlu"]
[Result "1-0"]
[WhiteTitle "GM"]
[BlackTitle "WIM"]
[WhiteElo "2624"]
[BlackElo "2201"]
[WhiteFideId "24125890"]
[BlackFideId "8603995"]
[EventDate "2019.04.16"]

1. Nf3 d5 2. g3 g6 3. c4 d4 4. b4 Bg7 5. d3 a5 6. b5 c6 7. a4 cxb5 8. axb5 b6 9.
Bg2 Ra7 10. O-O Nh6 11. Nbd2 O-O 12. Nb3 Ng4 13. h3 Ne5 14. Nfxd4 a4 15. Bb2 Qc7
16. Nc1 Rd8 17. Rxa4 Rxa4 18. Qxa4 Nxc4 19. Qxc4 Qxc4 20. dxc4 Bxd4 21. Nd3 Be6
22. Rc1 Bxb2 23. Nxb2 Rc8 24. f4 Nd7 25. Kf2 Nc5 26. Ra1 Rd8 27. Ke3 f6 28. Na4
Nb3 29. Ra3 Bxc4 30. Nxb6 Nd4 31. Nxc4 Nc2+ 32. Kf2 Nxa3 33. Nxa3 Rb8 34. Bc6
Kf7 35. Nc4 e6 36. Ke3 Ke7 37. b6 e5 38. fxe5 fxe5 39. b7 1-0

[Event "2nd Longtou Cup 2019"]
[Site "Qinhuangdao CHN"]
[Date "2019.04.16"]
[Round "1.6"]
[White "Khvostikov, Sergey"]
[Black "Antipov, Mikhail Al."]
[Result "0-1"]
[BlackTitle "GM"]
[WhiteElo "2192"]
[BlackElo "2605"]
[WhiteFideId "4192583"]
[BlackFideId "4107012"]
[EventDate "2019.04.16"]

1. Nf3 Nf6 2. c4 e6 3. Nc3 Bb4 4. g3 O-O 5. Bg2 d5 6. d4 dxc4 7. O-O Nc6 8. Qa4
Nd7 9. Rd1 Qe7 10. e4 Nb6 11. Qc2 e5 12. Nxe5 Nxd4 13. Rxd4 Qxe5 14. Ne2 Qe7 15.
Bf4 Be6 16. Rad1 Bc5 17. R4d2 Rad8 18. Nd4 Bg4 19. Nf5 Qf6 20. Rxd8 Rxd8 21.
Rxd8+ Qxd8 22. Ne3 Be6 23. Bf1 g5 24. Be5 Bxe3 25. fxe3 c5 26. Qf2 Nd7 27. Bd6
f6 28. h4 h6 29. Qc2 Kg7 30. Bxc4 Nb6 31. Bxe6 Qxd6 32. Bf5 Qxg3+ 33. Kf1 Qf3+ 0-1

[Event "2nd Longtou Cup 2019"]
[Site "Qinhuangdao CHN"]
[Date "2019.04.16"]
[Round "1.11"]
[White "Karthik, Venkataraman"]
[Black "Zhang, Xiao"]
[Result "1/2-1/2"]
[WhiteTitle "GM"]
[WhiteElo "2505"]
[BlackElo "2141"]
[WhiteFideId "25006479"]
[BlackFideId "8610894"]
[EventDate "2019.04.16"]

1. e4 c6 2. d4 d5 3. e5 c5 4. dxc5 e6 5. Nf3 Bxc5 6. Bd3 Ne7 7. O-O Ng6 8. a3
Nc6 9. b4 Be7 10. Re1 O-O 11. Bb2 Nf4 12. Bf1 f6 13. Nbd2 Nxe5 14. Bxe5 fxe5 15.
Nxe5 Bf6 16. Ndf3 Bxe5 17. Nxe5 Qg5 18. g3 Ng6 19. Qd4 Nxe5 20. Rxe5 Rf5 21.
Rxf5 Qxf5 22. c4 b6 23. Re1 Bb7 24. c5 bxc5 25. bxc5 Rc8 26. Bb5 Rc7 27. c6 Bc8
28. Ba4 Qf6 29. Qb4 Qe7 30. Qf4 Qd8 31. Rc1 Rf7 32. c7 Qf6 33. Qe3 d4 34. Qe1
Qf3 35. Rc6 g6 36. Rd6 Rxc7 37. Rd8+ Kf7 38. Rxd4 Qxa3 39. Qe5 Qc1+ 40. Kg2 Rc4
41. Rd1 Bb7+ 42. Kg1 Bd5 43. Qh8 Qh6 44. Qe8+ Kg7 45. Qd7+ Kf6 46. Qd8+ Kg7 47.
Qd7+ Kf6 48. Qd8+ Kg7 1/2-1/2

[Event "2nd Longtou Cup 2019"]
[Site "Qinhuangdao CHN"]
[Date "2019.04.16"]
[Round "1.12"]
[White "Ankhchimeg, Bayanmunkh"]
[Black "Fang, Yuxiang"]
[Result "0-1"]
[WhiteTitle "WIM"]
[BlackTitle "GM"]
[WhiteElo "2120"]
[BlackElo "2472"]
[WhiteFideId "4900600"]
[BlackFideId "8605840"]
[EventDate "2019.04.16"]

1. e4 d6 2. d4 g6 3. g3 Bg7 4. Bg2 Nf6 5. Ne2 O-O 6. O-O Nbd7 7. h3 c5 8. d5 b5
9. Nd2 a5 10. a4 b4 11. c4 bxc3 12. Nxc3 Ba6 13. Re1 Ne5 14. Bf1 c4 15. Ndb1
Nfd7 16. Be3 Qb8 17. Ra2 Rc8 18. Na3 Qb3 19. Nab5 Bxb5 20. axb5 Nf3+ 21. Qxf3
Bxc3 22. Ra3 Qxb2 23. Bc1 Qxa3 24. Bxa3 Bxe1 25. h4 Bb4 26. Bc1 a4 27. Bh3 Ne5
28. Qe3 Rcb8 29. Bb2 a3 30. Ba1 a2 31. Bf1 Rxb5 32. Kg2 Bc5 0-1

[Event "2nd Longtou Cup 2019"]
[Site "Qinhuangdao CHN"]
[Date "2019.04.16"]
[Round "1.13"]
[White "Dai, Changren"]
[Black "Bai, Xue"]
[Result "1-0"]
[WhiteTitle "IM"]
[WhiteElo "2472"]
[BlackElo "2103"]
[WhiteFideId "8608156"]
[BlackFideId "8608717"]
[EventDate "2019.04.16"]

1. d4 Nf6 2. Nf3 e6 3. Bf4 d5 4. e3 c5 5. c3 Nc6 6. Nbd2 Bd6 7. Bg3 a6 8. Bd3
cxd4 9. exd4 Nh5 10. Bxd6 Qxd6 11. g3 g6 12. O-O O-O 13. Re1 f6 14. c4 dxc4 15.
Nxc4 Qc7 16. Be4 Kh8 17. Qb3 Bd7 18. Rac1 Rad8 19. Nb6 Be8 20. Na4 Qe7 21. Nc5
Nxd4 22. Nxd4 Rxd4 23. Nxe6 Bf7 24. Qe3 Rxe4 25. Qxe4 Re8 26. Ng5 Qxe4 27. Nxe4
Bxa2 28. Nc3 Bf7 29. Rxe8+ Bxe8 30. Ne2 Ng7 31. Rc7 b5 32. Ra7 Kg8 33. Nd4 1-0

[Event "2nd Longtou Cup 2019"]
[Site "Qinhuangdao CHN"]
[Date "2019.04.16"]
[Round "1.14"]
[White "Kirienko, Vladimir"]
[Black "Peng, Xiongjian"]
[Result "0-1"]
[WhiteElo "2100"]
[BlackElo "2459"]
[WhiteFideId "54197457"]
[BlackFideId "8610550"]
[EventDate "2019.04.16"]

1. d4 Nf6 2. c4 e6 3. Nc3 Bb4 4. Qc2 b6 5. a3 Bxc3+ 6. Qxc3 Bb7 7. Bg5 h6 8. Bh4
d6 9. f3 Qe7 10. e3 Nbd7 11. Nh3 g5 12. Bg3 g4 13. fxg4 Nxg4 14. O-O-O O-O-O 15.
Qe1 Rdg8 16. Bh4 Qe8 17. Nf2 f5 18. h3 Nxf2 19. Qxf2 Rg7 20. Rh2 Rhg8 21. g3 Nf8
22. d5 Rf7 23. Be2 Ng6 24. Bh5 exd5 25. cxd5 Bxd5 26. Kb1 Qe4+ 27. Qc2 Bb3 28.
Qxe4 fxe4 29. Rc1 Rff8 30. Bxg6 Rxg6 31. Rc3 Rf1+ 32. Rc1 Rf3 33. Re1 d5 34. Rd2
a5 35. Kc1 a4 36. Kb1 Kd7 37. Kc1 Ke6 38. Kb1 c5 39. Bd8 Rfxg3 40. Rf2 Kd7 41.
Bf6 Rxe3 0-1

[Event "2nd Longtou Cup 2019"]
[Site "Qinhuangdao CHN"]
[Date "2019.04.16"]
[Round "1.15"]
[White "Chen, Qi b"]
[Black "Li, Guohao"]
[Result "1-0"]
[WhiteElo "2424"]
[BlackElo "2098"]
[WhiteFideId "8614733"]
[BlackFideId "8619999"]
[EventDate "2019.04.16"]

1. e4 c6 2. d4 d5 3. exd5 cxd5 4. Nf3 Nc6 5. Ne5 Nf6 6. Bb5 Bd7 7. Nxd7 Qxd7 8.
c3 e6 9. O-O Bd6 10. Nd2 O-O 11. Bd3 Rab8 12. a4 Qc7 13. g3 a6 14. Nf3 h6 15.
Qe2 Rfe8 16. Bd2 e5 17. dxe5 Nxe5 18. Nxe5 Bxe5 19. Qf3 Qb6 20. Rab1 Re7 21.
Rfe1 Rbe8 22. Kg2 Qc6 23. b3 Rc7 24. Rbc1 Qd6 25. Re2 Rce7 26. Rd1 Qa3 27. c4
dxc4 28. Bxc4 Qc5 29. Rc1 Qb6 30. Rce1 Qc7 31. h4 Bd4 32. Bf4 Qc5 33. Rxe7 Rxe7
34. Rxe7 Qxe7 35. g4 Ne4 36. Bxf7+ Kxf7 37. Be5+ Kg8 38. Bxd4 b5 39. axb5 axb5
40. Qe3 1-0

[Event "2nd Longtou Cup 2019"]
[Site "Qinhuangdao CHN"]
[Date "2019.04.16"]
[Round "1.16"]
[White "Liu, Zexu"]
[Black "Zhang, Ziji"]
[Result "0-1"]
[WhiteElo "2098"]
[BlackElo "2414"]
[WhiteFideId "8605963"]
[BlackFideId "8609470"]
[EventDate "2019.04.16"]

1. d4 e6 2. c4 b6 3. e4 Bb7 4. Bd3 Nc6 5. Nf3 Nb4 6. Nc3 Nxd3+ 7. Qxd3 Ne7 8. d5
Ng6 9. h4 Bd6 10. h5 Nf4 11. Bxf4 Bxf4 12. g3 Bh6 13. Ne5 O-O 14. Ng4 Qg5 15.
Nxh6+ Qxh6 16. f4 exd5 17. cxd5 c6 18. d6 c5 19. Rh2 Rae8 20. O-O-O Re5 21. Kb1
Rxh5 22. Rxh5 Qxh5 23. e5 Re8 24. Kc1 Qg4 25. Rd2 h6 26. Rh2 Bc6 27. Rh4 Qe6 28.
g4 Qg6 29. Qd1 Rxe5 30. Rh2 Re8 31. Rh5 Qf6 32. Qd2 Qd4 33. Qxd4 cxd4 34. Nd5
Re6 35. f5 Rxd6 36. Ne7+ Kf8 37. Nc8 Rd5 38. Rh3 Rc5+ 39. Kd2 Bg2 40. Rg3 Rxc8
41. Rxg2 Rc6 42. Kd3 Rd6 0-1

[Event "2nd Longtou Cup 2019"]
[Site "Qinhuangdao CHN"]
[Date "2019.04.16"]
[Round "1.17"]
[White "Zou, Chen"]
[Black "Buynitskiy, Daniil"]
[Result "1-0"]
[WhiteTitle "FM"]
[WhiteElo "2397"]
[BlackElo "2095"]
[WhiteFideId "8610959"]
[BlackFideId "24207721"]
[EventDate "2019.04.16"]

1. d4 Nf6 2. c4 g6 3. Nc3 Bg7 4. e4 O-O 5. Nf3 d6 6. h3 Nbd7 7. Be3 e5 8. d5 Nc5
9. Nd2 a5 10. g4 Ne8 11. Qc2 f5 12. exf5 gxf5 13. O-O-O Qe7 14. Be2 e4 15. Rdg1
Kh8 16. gxf5 Bxf5 17. Nb3 Nd3+ 18. Bxd3 exd3 19. Qd2 Qh4 20. f4 a4 21. Nd4 a3
22. b3 Qf6 23. Rg5 Bg6 24. f5 Bh6 25. h4 Bf7 26. Qxd3 Ng7 27. Ne4 Qe5 28. f6
Bxg5 29. fxg7+ Kxg7 30. Nxg5 Bg6 31. Nde6+ Kg8 32. Qd4 Qxd4 33. Bxd4 Rf5 34. h5
Bf7 35. Rg1 Bxh5 36. Nxh7+ Kxh7 37. Rg7+ Kh8 38. Rg5+ 1-0

[Event "2nd Longtou Cup 2019"]
[Site "Qinhuangdao CHN"]
[Date "2019.04.16"]
[Round "1.18"]
[White "Li, Haoyu B."]
[Black "Chu, Wei Chao"]
[Result "0-1"]
[BlackTitle "IM"]
[WhiteElo "2095"]
[BlackElo "2387"]
[WhiteFideId "8610169"]
[BlackFideId "8605661"]
[EventDate "2019.04.16"]

1. e4 e6 2. d4 d5 3. Bd3 c6 4. exd5 cxd5 5. Nf3 Nc6 6. c3 Bd6 7. O-O Nge7 8. Re1
Qc7 9. Nbd2 Bd7 10. Nf1 a6 11. Ng3 f6 12. c4 dxc4 13. Bxc4 Nb4 14. Ne4 O-O 15.
Nc5 Bxc5 16. dxc5 Rad8 17. Be3 Nf5 18. Rc1 Kh8 19. Qb3 Nxe3 20. Qxe3 e5 21. a3
Nc6 22. b4 Bf5 23. Nh4 Qd7 24. Nxf5 Qxf5 25. Red1 g6 26. Bd5 Qd7 27. Qe4 Rfe8
28. f4 f5 29. Qe3 Kg7 30. fxe5 Nxe5 31. Qc3 Qe7 32. Rd2 Rd7 33. Rcd1 Qf6 34. Bb3
Rde7 35. Rd6 Qg5 36. Ba4 Rf8 37. Rd7 Rff7 38. Rxe7 Rxe7 39. c6 bxc6 40. Bxc6 f4
41. Be4 Qf6 42. a4 h5 43. Rd5 Ng4 0-1

[Event "2nd Longtou Cup 2019"]
[Site "Qinhuangdao CHN"]
[Date "2019.04.16"]
[Round "1.19"]
[White "Zhao, Chenxi"]
[Black "Chen, KaiLin"]
[Result "1-0"]
[WhiteElo "2367"]
[BlackElo "2073"]
[WhiteFideId "8611513"]
[BlackFideId "8620954"]
[EventDate "2019.04.16"]

1. c4 e6 2. Nc3 d5 3. d4 Nf6 4. cxd5 exd5 5. Bg5 c6 6. e3 Be7 7. Bd3 Ne4 8. Bxe7
Qxe7 9. Bxe4 dxe4 10. Qc2 f5 11. Nge2 Na6 12. a3 Be6 13. Nf4 Nc7 14. O-O-O O-O-O
15. Na4 Kb8 16. Nc5 b6 17. Na4 Bd5 18. h4 Ne6 19. Nxd5 cxd5 20. Kb1 Rc8 21. Qb3
Rc4 22. Nc3 Qb7 23. Rc1 Rhc8 24. Rc2 R8c6 25. Rhc1 Nc7 26. Qa2 Rd6 27. a4 Rcc6
28. Qa3 a6 29. Na2 g6 30. Nb4 Rxc2 31. Rxc2 Ne8 32. Qc3 Rd7 33. Nc6+ Ka8 34. Qb4
Rd6 35. Ne5 a5 36. Qe1 Rd8 37. Qc1 Nd6 38. h5 gxh5 39. Qh1 Rc8 40. Qxh5 Rxc2 41.
Kxc2 Qc8+ 42. Kb1 Nc4 43. Qe2 Nd6 44. b3 Kb7 45. Kb2 Qe8 46. Qd1 Qg8 47. Qc1 Qe8
48. Qh1 h5 49. Qh4 b5 50. Qf6 Kc7 51. axb5 Nxb5 52. Qa6 f4 53. exf4 Nd6 54.
Qxa5+ Kb8 55. Qxd5 1-0

[Event "2nd Longtou Cup 2019"]
[Site "Qinhuangdao CHN"]
[Date "2019.04.16"]
[Round "1.20"]
[White "Sun, Chao"]
[Black "Mikhalev, Dmitry"]
[Result "1/2-1/2"]
[BlackTitle "FM"]
[WhiteElo "2063"]
[BlackElo "2360"]
[WhiteFideId "8622990"]
[BlackFideId "4183134"]
[EventDate "2019.04.16"]

1. Nf3 Nf6 2. c4 d6 3. d4 Nbd7 4. g3 e5 5. Bg2 Be7 6. O-O O-O 7. b3 c6 8. dxe5
dxe5 9. Bb2 Qc7 10. Qc2 Re8 11. Nc3 Bf8 12. Rad1 a5 13. Na4 Nc5 14. Nxc5 Bxc5
15. Bc3 Bg4 16. Qb2 Nd7 17. h3 Bf5 18. g4 Bg6 19. Nh4 Nf8 20. e3 f6 21. Nxg6
Nxg6 22. Rd2 Red8 23. Rfd1 Nf8 24. a3 Rxd2 25. Rxd2 Rd8 26. b4 axb4 27. axb4 Be7
28. b5 Rxd2 29. Qxd2 Ne6 30. bxc6 bxc6 31. Qa2 Kf7 32. Qa6 Nd8 33. Be4 Bc5 34.
Ba5 Qb7 35. Qxb7+ Nxb7 36. Bc7 Nd6 37. Bxc6 f5 38. Bd5+ Kg6 39. Kg2 h5 40. gxf5+
Kxf5 41. Bd8 g5 42. Be7 e4 43. Bf8 Kg6 44. Bxd6 Bxd6 45. Bxe4+ Kf6 46. Bf3 h4
47. Be4 Ke5 48. Kf3 Bb4 1/2-1/2

[Event "2nd Longtou Cup 2019"]
[Site "Qinhuangdao CHN"]
[Date "2019.04.16"]
[Round "1.21"]
[White "Peng, Hongchi"]
[Black "Hu, Yu A."]
[Result "1-0"]
[WhiteElo "2347"]
[BlackElo "2051"]
[WhiteFideId "8609047"]
[BlackFideId "8609993"]
[EventDate "2019.04.16"]

1. d4 Nf6 2. c4 e6 3. Nc3 Bb4 4. f3 d5 5. a3 Bxc3+ 6. bxc3 c5 7. cxd5 Nxd5 8.
dxc5 f5 9. c4 Qh4+ 10. g3 Qxc4 11. e4 Qc3+ 12. Bd2 Qe5 13. Bg2 fxe4 14. f4 Qf6
15. Bxe4 Nc3 16. Bxc3 Qxc3+ 17. Kf1 O-O 18. Rc1 Qe3 19. Qe1 Qxa3 20. Nf3 Nd7 21.
Ng5 Nf6 22. Kg2 Bd7 23. c6 bxc6 24. Rf1 h6 25. Nf3 Nd5 26. Rf2 c5 27. Rb1 Rab8
28. Ne5 Ba4 29. Ra1 Qb4 30. Qxb4 Rxb4 31. Bxd5 exd5 32. Nd3 Rd4 33. Nxc5 Bc6 34.
Ne6 1-0

[Event "2nd Longtou Cup 2019"]
[Site "Qinhuangdao CHN"]
[Date "2019.04.16"]
[Round "1.22"]
[White "Elgendy, Hesham"]
[Black "Nie, Xinyang"]
[Result "0-1"]
[WhiteElo "2049"]
[BlackElo "2346"]
[WhiteFideId "10600736"]
[BlackFideId "8607222"]
[EventDate "2019.04.16"]

1. d4 Nf6 2. c4 e6 3. Nc3 d5 4. Nf3 a6 5. e3 Nbd7 6. c5 b6 7. b4 a5 8. c6 axb4
9. cxd7+ Bxd7 10. Nb1 c5 11. Ne5 c4 12. Nxc4 dxc4 13. Bxc4 Qc7 14. Bd3 Bd6 15.
e4 Ba4 16. Qd2 Bc6 17. f3 Bxh2 18. e5 Bxe5 19. Bb2 Bf4 20. Qxb4 Nd5 21. Qb3 Bg3+
22. Kf1 Qf4 23. Bb5 Rc8 24. Ke2 Qe3+ 25. Qxe3 Bxb5+ 26. Kd2 Nxe3 27. Kxe3 Rc2
28. Nc3 Rxb2 29. Rab1 Bf2+ 30. Kf4 Rxb1 31. Rxb1 Bd7 32. Rxb6 O-O 33. Rd6 Bc8
34. Ne4 Bg1 35. Nc5 Re8 36. Nd3 Bh2+ 37. g3 h5 38. Nf2 h4 39. Ne4 f5 0-1

[Event "2nd Longtou Cup 2019"]
[Site "Qinhuangdao CHN"]
[Date "2019.04.17"]
[Round "2.2"]
[White "Zvjaginsev, Vadim"]
[Black "Chen, Qi b"]
[Result "1-0"]
[WhiteTitle "GM"]
[WhiteElo "2641"]
[BlackElo "2424"]
[WhiteFideId "4113403"]
[BlackFideId "8614733"]
[EventDate "2019.04.16"]

1. g3 d5 2. Nf3 g6 3. Bg2 Bg7 4. O-O Nf6 5. c4 c6 6. Qc2 O-O 7. b3 Bg4 8. Bb2
Nbd7 9. d3 a5 10. Nbd2 Re8 11. h3 Bxf3 12. Nxf3 e5 13. cxd5 Nxd5 14. a3 Nc7 15.
Rfd1 Ne6 16. e3 Qb6 17. Rab1 Qc5 18. Qxc5 Nexc5 19. b4 axb4 20. axb4 Na6 21. d4
Nc7 22. dxe5 Re7 23. Bf1 Rae8 24. b5 Nxe5 25. Bxe5 Bxe5 26. bxc6 bxc6 27. Rbc1
Re6 28. Ng5 Rf6 29. Bc4 Nd5 30. e4 h6 31. exd5 cxd5 32. Nxf7 Kxf7 33. Rxd5 Kf8
34. Bd3 Bd6 35. Rc6 Rd8 36. h4 Kg7 37. Be4 Be7 38. Rc7 Rxd5 39. Bxd5 Kf8 40. Kg2
Rd6 41. Be4 Re6 42. Bc2 Kg7 43. f4 Kf8 44. Kf3 Kg7 45. Bb3 Re1 46. Kf2 Re4 47.
Bd5 1-0

[Event "2nd Longtou Cup 2019"]
[Site "Qinhuangdao CHN"]
[Date "2019.04.17"]
[Round "2.3"]
[White "Zhang, Ziji"]
[Black "Yilmaz, Mustafa"]
[Result "1/2-1/2"]
[BlackTitle "GM"]
[WhiteElo "2414"]
[BlackElo "2631"]
[WhiteFideId "8609470"]
[BlackFideId "6302718"]
[EventDate "2019.04.16"]

1. Nf3 Nf6 2. c4 e6 3. Nc3 Bb4 4. d4 O-O 5. e3 d5 6. Bd3 b6 7. cxd5 exd5 8. O-O
Ba6 9. Bxa6 Nxa6 10. Qa4 Qc8 11. Bd2 Bd6 12. Rac1 Qb7 13. Rfd1 Rfe8 14. Be1 c6
15. Ne2 Rac8 16. Rc2 Ne4 17. Rdc1 Nb8 18. Ng3 Nxg3 19. hxg3 Re6 20. Bb4 Bc7 21.
Qb3 Rce8 22. a4 Rh6 23. Bd2 Rg6 24. Qd3 a6 25. a5 b5 26. Bb4 Qc8 27. Nh4 Rf6 28.
Re1 Qg4 29. Qd1 Qe4 30. Rc3 g5 31. Nf3 Qf5 32. Qc2 Re4 33. Qe2 g4 34. Nd2 Ree6
35. e4 dxe4 36. Rc5 Qg6 37. Nxe4 Rf5 38. Qd1 Nd7 39. Rxf5 Qxf5 40. Nc5 Nxc5 41.
dxc5 Rxe1+ 1/2-1/2

[Event "2nd Longtou Cup 2019"]
[Site "Qinhuangdao CHN"]
[Date "2019.04.17"]
[Round "2.4"]
[White "Chu, Wei Chao"]
[Black "Oparin, Grigoriy"]
[Result "0-1"]
[WhiteTitle "IM"]
[BlackTitle "GM"]
[WhiteElo "2387"]
[BlackElo "2624"]
[WhiteFideId "8605661"]
[BlackFideId "24125890"]
[EventDate "2019.04.16"]

1. d4 Nf6 2. c4 e6 3. g3 c5 4. d5 exd5 5. cxd5 d6 6. Nc3 g6 7. Bg2 Bg7 8. Nf3
O-O 9. O-O Re8 10. Bf4 Bf5 11. Nd2 Nh5 12. Be3 Nd7 13. Nc4 Nb6 14. Qb3 Nxc4 15.
Qxc4 a6 16. a4 Rxe3 17. fxe3 Qg5 18. Nd1 Bd7 19. Ra3 Re8 20. Qc2 Nf6 21. e4 Ng4
22. Raf3 Ne5 23. Rf4 Qd8 24. b3 b5 25. axb5 axb5 26. Nb2 c4 27. bxc4 bxc4 28.
Nxc4 Qc7 29. Nxe5 Qxc2 30. Nxd7 Bd4+ 31. Kh1 Re7 32. Nb8 Rb7 33. Nc6 Be3 34. Nd8
Rb2 0-1

[Event "2nd Longtou Cup 2019"]
[Site "Qinhuangdao CHN"]
[Date "2019.04.17"]
[Round "2.5"]
[White "Antipov, Mikhail Al."]
[Black "Zou, Chen"]
[Result "1/2-1/2"]
[WhiteTitle "GM"]
[BlackTitle "FM"]
[WhiteElo "2605"]
[BlackElo "2397"]
[WhiteFideId "4107012"]
[BlackFideId "8610959"]
[EventDate "2019.04.16"]

1. Nf3 Nf6 2. g3 g6 3. Bg2 Bg7 4. c4 c6 5. O-O O-O 6. b3 Ne4 7. d4 d5 8. Bb2 a5
9. Nfd2 Nxd2 10. Nxd2 Be6 11. Rb1 a4 12. e4 axb3 13. axb3 dxc4 14. Nxc4 Ra2 15.
d5 Bxb2 16. Rxb2 Rxb2 17. Nxb2 cxd5 18. exd5 Bd7 19. Qd4 Bb5 20. Re1 Qd6 21. Nd1
Bd7 22. Nc3 f5 23. Na4 b5 24. Nb2 f4 25. Nd3 f3 26. Bf1 Rf5 27. Ne5 Nc6 28. Nxc6
Bxc6 29. Re6 Qxd5 30. Qe3 Rf7 31. h4 Bd7 32. Re4 Bc6 33. Rd4 Qf5 34. Kh2 e5 35.
Rd8+ Kg7 36. Bh3 Qf6 37. Qd2 Qe7 38. h5 gxh5 39. Rd6 Rf6 40. Qg5+ Kf7 41. Qxh5+
Kg7 42. Qg5+ Kf7 43. Qh5+ Kg7 44. Qg5+ Kf7 1/2-1/2

[Event "2nd Longtou Cup 2019"]
[Site "Qinhuangdao CHN"]
[Date "2019.04.17"]
[Round "2.6"]
[White "Nie, Xinyang"]
[Black "Idani, Pouya"]
[Result "1-0"]
[BlackTitle "GM"]
[WhiteElo "2346"]
[BlackElo "2590"]
[WhiteFideId "8607222"]
[BlackFideId "12510130"]
[EventDate "2019.04.16"]

1. d4 f5 2. Nf3 Nf6 3. g3 g6 4. Bg2 Bg7 5. b3 O-O 6. Bb2 b6 7. O-O Bb7 8. c4 e6
9. Nc3 Ne4 10. e3 d6 11. Qc2 Nxc3 12. Bxc3 Be4 13. Qb2 Nd7 14. Ne1 Nf6 15. f3
Bb7 16. Qe2 c5 17. Rd1 Qc7 18. e4 cxd4 19. Bxd4 e5 20. Bf2 fxe4 21. fxe4 Qc6 22.
Nc2 Nxe4 23. Nb4 Nc3 24. Bxc6 Nxe2+ 25. Kg2 Bxc6+ 26. Nxc6 Rf7 27. Rfe1 Nc3 28.
Rxd6 Re8 29. Bd4 e4 30. Bxg7 Kxg7 31. Rd2 Rc7 32. Nd4 e3 33. Rc2 Rd7 34. Rxc3
Rxd4 35. Kf3 Rd2 36. Re2 Kf6 37. Rcxe3 Rxe3+ 38. Kxe3 Rd1 39. Rd2 Ra1 40. Kd4
Ke6 41. Kc3 Rf1 42. Kb4 Rf5 43. a3 h5 44. Rd5 Rf3 45. Rg5 Kf6 46. h4 Re3 47. a4
a5+ 48. Ka3 Rf3 49. c5 bxc5 50. Rxc5 Rxg3 51. Rxa5 Rh3 52. Rd5 Rxh4 53. a5 Rh1
54. Rd2 Re1 55. b4 h4 56. a6 1-0

[Event "2nd Longtou Cup 2019"]
[Site "Qinhuangdao CHN"]
[Date "2019.04.17"]
[Round "2.7"]
[White "Xu, Yinglun"]
[Black "Zhao, Chenxi"]
[Result "1-0"]
[WhiteTitle "GM"]
[WhiteElo "2532"]
[BlackElo "2367"]
[WhiteFideId "8604940"]
[BlackFideId "8611513"]
[EventDate "2019.04.16"]

1. Nf3 Nf6 2. c4 b6 3. g3 Bb7 4. Bg2 e6 5. O-O Be7 6. Nc3 O-O 7. Re1 d5 8. cxd5
Nxd5 9. e4 Nxc3 10. bxc3 c5 11. d4 cxd4 12. cxd4 Nd7 13. Bf4 Nf6 14. Qd3 Rc8 15.
a3 Nh5 16. Bd2 Qc7 17. Rec1 Qd7 18. Ne5 Qa4 19. d5 Bc5 20. Bb4 Bxb4 21. axb4
Qxb4 22. dxe6 Nf6 23. exf7+ Kh8 24. Rxc8 Bxc8 25. Rxa7 Qe1+ 26. Qf1 Qc3 27. Qa1
Qc5 28. Qa3 Nd7 29. Qxc5 Nxc5 30. Ra8 1-0

[Event "2nd Longtou Cup 2019"]
[Site "Qinhuangdao CHN"]
[Date "2019.04.17"]
[Round "2.8"]
[White "Fang, Yuxiang"]
[Black "Peng, Hongchi"]
[Result "0-1"]
[WhiteTitle "GM"]
[WhiteElo "2472"]
[BlackElo "2347"]
[WhiteFideId "8605840"]
[BlackFideId "8609047"]
[EventDate "2019.04.16"]

1. d4 d5 2. Nc3 Nf6 3. Bf4 Bf5 4. f3 e6 5. g4 Bg6 6. h4 h5 7. g5 Ng8 8. e3 Bd6
9. Nh3 Ne7 10. Qd2 c5 11. O-O-O c4 12. Nb5 Bxf4 13. Nxf4 a6 14. Nc3 b5 15. Nxg6
Nxg6 16. e4 b4 17. Na4 Qa5 18. b3 Nd7 19. Kb1 O-O 20. Bh3 c3 21. Qe3 Nb6 22.
Nxb6 Qxb6 23. f4 dxe4 24. Bg2 Ne7 25. Bxe4 Rad8 26. g6 fxg6 27. Rhg1 Rf6 28. Rg5
Qd6 29. Re5 a5 30. a4 bxa3 31. Qxc3 a4 32. bxa4 Rxf4 33. Qc4 Qxe5 34. dxe5 Rxd1+
35. Ka2 Kf7 36. a5 Re1 37. Bxg6+ Nxg6 38. Qc7+ Ne7 39. a6 Ra4 40. a7 Re2 41. Qc3
Rf2 42. Qe1 Rf5 43. Qe3 Nc6 44. Qb6 Nxa7 45. Qc7+ Kg6 46. Qd7 Ra6 47. Qc7 Kh7
48. Qc4 Rc6 49. Qa4 Rc7 50. Kxa3 Rxe5 51. Qf4 Rcc5 52. c4 Nc8 53. Qd4 Nb6 54.
Qd3+ Rf5 0-1